000 00695nam a2200217Ia 4500
999 _c36010
_d36010
001 1909
003 GE_BSU
005 20221010150403.0
008 181216s2007ru xx |||||||||||||| ||rus||
020 _a9785948798004
040 _cGE_BSU
041 _arus
080 _a34Э-72
100 _aЭппель,О.П.
_915195
245 _aВас задержали. Что делать? Сам себе адвокат.
_cвып. 8 /
_bО.П. Эппель.
264 _aМосква :
_bЮраит,
_c2007.
300 _a192 с.
_b16 см.
653 _aВас задержали. Что делать? Сам себе адвокат
653 _aსამართალი
942 _cBK
_2udc